The capital and rental valuation of public houses, bars, restaurants and nightclubs in England and Wales (Record no. 115666)
[ view plain ]
| 000 -LEADER | |
|---|---|
| fixed length control field | 02329cad a22002895a 4500 |
| 001 - CONTROL NUMBER | |
| control field | L159080 |
| 008 - FIXED-LENGTH DATA ELEMENTS--GENERAL INFORMATION | |
| fixed length control field | 071107s2010 xxk f 000 0 eng d |
| 020 ## - INTERNATIONAL STANDARD BOOK NUMBER | |
| International Standard Book Number | 9781842196441 |
| 035 ## - SYSTEM CONTROL NUMBER | |
| System control number | (Sirsi) u159080 |
| 041 0# - LANGUAGE CODE | |
| Language code of text/sound track or separate title | eng |
| 050 04 - LIBRARY OF CONGRESS CALL NUMBER | |
| Classification number | 333.332 $2 18 |
| 110 2# - MAIN ENTRY--CORPORATE NAME | |
| Corporate name or jurisdiction name as entry element | Royal Institution of Chartered Surveyors |
| 9 (RLIN) | 4900 |
| 245 04 - TITLE STATEMENT | |
| Title | The capital and rental valuation of public houses, bars, restaurants and nightclubs in England and Wales |
| Medium | [under review during 2024] |
| 260 ## - PUBLICATION, DISTRIBUTION, ETC. | |
| Place of publication, distribution, etc. | London |
| Name of publisher, distributor, etc. | RICS |
| Date of publication, distribution, etc. | 2010 |
| 490 #0 - SERIES STATEMENT | |
| Series statement | RICS Guidance Note |
| Volume/sequential designation | GN 67/2010 |
| 505 ## - FORMATTED CONTENTS NOTE | |
| Formatted contents note | RICS Valuations Standards (the 'Red Book') -- RICS guidance notes -- Introduction -- Terms used in this guidance note -- Statutory issues -- Market analysis, comparables and factors affecting valuation -- Valuation methodology -- Rental valuations -- Tied lease market for public houses -- Investment valuations -- Valuation for loan security purposes -- Other property -- Confidentiality |
| 520 ## - SUMMARY, ETC. | |
| Summary, etc. | Supersedes the Valuation Information Paper 2 The capital and rental valuation of restaurants, bars, public houses and nightclubs in England, Wales and Scotland, (ISBN 9781842192876). |
| 520 ## - SUMMARY, ETC. | |
| Summary, etc. | Summaries of the statutory issues that impact on the use of licensed property. Provides an outline of the approach to market analysis, interpreting comparables and other factors affecting valuation. Explains the profits method of valuation, outlines the approach to the assessment of market rent, with an indication of common lease terms, and the state of the market at the valuation date, which may need consideration. Give guidance on the tied lease market for public houses with specific reference to the landlord?s Code of Practice for the operation of its tied properties, and on valuations for investment and secured lending. |
| 520 ## - SUMMARY, ETC. | |
| Summary, etc. | Removed from RICS.org in early 2024 when consultation for new edition was released. |
| 590 ## - LOCAL NOTE (RLIN) | |
| Local note | KA |
| 650 24 - SUBJECT ADDED ENTRY--TOPICAL TERM | |
| Topical term or geographic name entry element | RICS VALUATION STANDARDS 7TH EDITION MAY 2011 |
| 650 ## - SUBJECT ADDED ENTRY--TOPICAL TERM | |
| Topical term or geographic name entry element | LICENSING ACT 2003 |
| 651 #4 - SUBJECT ADDED ENTRY--GEOGRAPHIC NAME | |
| Geographic name | ENGLAND AND WALES |
| 690 ## - LOCAL SUBJECT ADDED ENTRY--TOPICAL TERM (OCLC, RLIN) | |
| Topical term or geographic name as entry element | PROPERTY-PROPERTY APPRAISAL AND VALUATION |
| 856 41 - ELECTRONIC LOCATION AND ACCESS | |
| Uniform Resource Identifier | <a href="https://www.isurv.com/downloads/download/1269/the_capital_and_rental_valuation_of_public_houses_bars_restaurants_and_nightclubs_in_england_and_wales">https://www.isurv.com/downloads/download/1269/the_capital_and_rental_valuation_of_public_houses_bars_restaurants_and_nightclubs_in_england_and_wales</a> |
| Public note | Archived on isurv (subscription required) |
| 942 ## - ADDED ENTRY ELEMENTS (KOHA) | |
| Suppress in OPAC | 0 |
| Source of classification or shelving scheme | Dewey Decimal Classification |
| Withdrawn status | Lost status | Source of classification or shelving scheme | Damaged status | Not for loan | Home library | Current library | Shelving location | Date acquired | Total Checkouts | Full call number | Barcode | Date last seen | Copy number | Price effective from | Koha item type |
|---|---|---|---|---|---|---|---|---|---|---|---|---|---|---|---|
| Dewey Decimal Classification | London | London | RICS Boxes | 18/05/2016 | RICS 2010/39 | 30075171 | 06/08/2019 | 2 | 06/08/2019 | Archive | |||||
| Dewey Decimal Classification | London | London | RICS Boxes | 18/05/2016 | RICS 2010/39 | 30075267 | 06/08/2019 | 3 | 06/08/2019 | Book | |||||
| Dewey Decimal Classification | London | London | RICS Boxes | 18/05/2016 | RICS 2010/39 | 30075263 | 06/08/2019 | 4 | 06/08/2019 | Book | |||||
| Virtual | Virtual | Online | 18/05/2016 | isurv | 159080-3001 | 04/04/2024 | 1 | 06/08/2019 | Online material |